| 000 | 01388nam a2200193 a 4500 | ||
|---|---|---|---|
| 001 | 000044954 | ||
| 005 | 20201002045747.0 | ||
| 008 | 150122s2014 dr 000 0 spa d | ||
| 040 |
_aDO-SdBNP _bspa _cBNPHU |
||
| 082 |
_acc _bccc |
||
| 110 | 2 |
_aRepública Dominicana. _bMinisterio de Educación _943100 |
|
| 245 | 1 | 0 | _aRendición de Cuentas 2014. |
| 260 |
_aSanto Domingo : _bMINERD, _c2014. |
||
| 300 |
_a115 p. : _bil. ; _c27 cm. |
||
| 590 | _aInventariado, 2018 / VM | ||
| 500 | _aNota sobre la ejecusión presupuestaría del MINERD en el ejercicio fiscal 2014 | ||
| 505 | 0 |
_aPresentación -- _tPacto educativo -- _tPlan nacional de atención integral a la primera infancia "Quisqueya Empieza Contigo" _tPlan Nacional de Alfabetización -- _tQuisqueya Aprende Contigo -- _tEscuela de jornada extendida -- _tConstrucción y rehabilitación de aulas -- _tDesarrollo de la carrera Docente y Formación de Directores -- _tDesarrollo curricular y gestión del conocimiento -- _tMejoramiento de la educación primaria:primeros grados y eficiencia interna -- _tCobertura y calidad de la educación secundaria -- _tCumplimiento del calendario del horario escolar -- _tApoyo a la población estudiantil en condiciones de vulnerabilidad -- _tModernización y reetructuración del Ministerio de Educación -- _tIniciativa dominicana por una educación de calidad (IDEC) -- |
|
| 509 | _aInventariado, 2018 / VM | ||
| 999 |
_c44443 _d44443 |
||